Numerical optimization of computer models

Uložené v:
Podrobná bibliografia
Hlavný autor: Schwefel, Hans-Paul
Médium: Kniha
Jazyk:English
Vydavateľské údaje: Chichester Wiley 1981
Tagy: Pridať tag
Žiadne tagy, Buďte prvý, kto otaguje tento záznam!

MARC

LEADER 00000nam a2200000 4500
001 c128660
005 20041019155244.1
041 0 |a eng 
044 |a GB 
245 1 0 |a Numerical optimization of computer models  |c Hans-Paul Schwefel 
264 1 |a Chichester  |b Wiley  |c 1981 
300 |a 389 s. 
100 1 |a Schwefel, Hans-Paul